000 00389nam a2200145Ia 4500
005 20251222144649.0
008 251222s9999||||xx |||||||||||||| ||spa||
020 _a9.789972224e+012
082 _a362.88/G87
100 _aGuerrero Espinoza, Ana MarĂ­a
245 0 _aLo Inescuchable:
250 _a1ra. ed.
264 _bFondo Editorial Universidad Antonio Ruiz de Montoya
942 _cLIB
999 _c16992
_d16992